LEADER 01937nas 2200601-a 450 001 996208319203316 005 20230522213016.0 011 $a2330-9679 035 $a(DE-599)ZDB2432685-9 035 $a(OCoLC)228142903 035 $a(CKB)954927516540 035 $a(CONSER)--2008247639 035 $a(EXLCZ)99954927516540 100 $a20080516b19281970 --- a 101 0 $aeng 135 $aur||||||||||| 181 $ctxt$2rdacontent 182 $cc$2rdamedia 183 $acr$2rdacarrier 200 00$aAmerican journal of public health and the nation's health 210 $aNew York, N.Y. $cAmerican Public Health Association 300 $aRefereed/Peer-reviewed 311 $a0002-9572 517 1 $aJournal of public health 517 1 $aAJPH 531 $aAM J PUBLIC HEALTH NATIONS HEALTH 531 $aAMERICAN JOURNAL OF PUBLIC HEALTH AND THE NATIONS HEALTH 531 $aAM J PUBLIC HEALTH N 531 $aAMERICAN JOURNAL OF PUBLIC HEALTH & THE NATION'S HEALTH 606 $aPublic health$vPeriodicals 606 $aPublic Health 606 $aSanté publique$3(CaQQLa)201-0001294$vPériodiques$3(CaQQLa)201-0378307 606 $aSanté publique$3(CaQQLa)201-0001294 606 $apublic health$2aat$3(CStmoGRI)aat300132827 606 $aPublic health$2fast$3(OCoLC)fst01082238 606 $aGezondheidszorg$2gtt 608 $aPeriodical 608 $aPeriodicals.$2fast 608 $aPeriodicals.$2lcgft 608 $aPeriodicals.$2rbgenr 615 0$aPublic health 615 12$aPublic Health 615 6$aSanté publique 615 6$aSanté publique. 615 7$apublic health. 615 7$aPublic health. 615 17$aGezondheidszorg. 676 $a363 712 02$aAmerican Public Health Association. 906 $aJOURNAL 912 $a996208319203316 996 $aAmerican journal of public health and the nation's health$92246083 997 $aUNISA LEADER 02095nam0 22004933i 450 001 VAN00216238 005 20240806101245.65 017 70$2N$a9783030119171 100 $a20210924d2019 |0itac50 ba 101 $aeng 102 $aCH 105 $a|||| ||||| 200 1 $aLaser-Tissue Interactions$eFundamentals and Applications$fMarkolf H. Niemz 205 $a4. ed 210 $aCham$cSpringer$d2019 215 $axviii, 311 p.$cill.$d24 cm 500 1$3VAN00216244$aLaser-Tissue Interactions : Fundamentals and Applications$91870881 606 $a00A79 (77-XX)$xPhysics [MSC 2020]$3VANC023182$2MF 606 $a78A60$xLasers, masers, optical bistability, nonlinear optics [MSC 2020]$3VANC029030$2MF 606 $a81V80$xQuantum optics [MSC 2020]$3VANC023592$2MF 606 $a92-XX$xBiology and other natural sciences [MSC 2020]$3VANC020839$2MF 606 $a92C05$xBiophysics [MSC 2020]$3VANC020842$2MF 610 $aBiomedical Optics$9KW:K 610 $aLASIK techniques$9KW:K 610 $aLaser Safety$9KW:K 610 $aLaser Techniques$9KW:K 610 $aLaser eye surgery$9KW:K 610 $aLaser in endodontics$9KW:K 610 $aLaser medicine$9KW:K 610 $aLasers in Cardiology$9KW:K 610 $aLasers in Neurosurgery$9KW:K 610 $aLasers in Ophthalmology$9KW:K 610 $aLasers in implantology$9KW:K 620 $aCH$dCham$3VANL001889 700 1$aNiemz$bMarkolf H.$3VANV184720$0524051 712 $aSpringer $3VANV108073$4650 801 $aIT$bSOL$c20241115$gRICA 856 4 $uhttp://doi.org/10.1007/978-3-030-11917-1$zE-book ? Accesso al full-text attraverso riconoscimento IP di Ateneo, proxy e/o Shibboleth 899 $aBIBLIOTECA DEL DIPARTIMENTO DI MATEMATICA E FISICA$1IT-CE0120$2VAN08 912 $fN 912 $aVAN00216238 950 $aBIBLIOTECA DEL DIPARTIMENTO DI MATEMATICA E FISICA$d08DLOAD e-book 3939 $e08eMF3939 20210924 996 $aLaser-Tissue Interactions : Fundamentals and Applications$91870881 997 $aUNICAMPANIA